100 cases in psychiatry (Record no. 1279)

MARC details
000 -LEADER
fixed length control field 00554nam a22002177a 4500
003 - CONTROL NUMBER IDENTIFIER
control field OSt
005 - DATE AND TIME OF LATEST TRANSACTION
control field 20160829181851.0
008 - FIXED-LENGTH DATA ELEMENTS--GENERAL INFORMATION
fixed length control field 150327b xxu||||| |||| 00| 0 eng d
020 ## - INTERNATIONAL STANDARD BOOK NUMBER
International Standard Book Number 9780340986011
040 ## - CATALOGING SOURCE
Transcribing agency DNLM
082 ## - DEWEY DECIMAL CLASSIFICATION NUMBER
Classification number WM18 W931c 2010
Item number P
100 ## - MAIN ENTRY--PERSONAL NAME
Personal name Wright, Barry
9 (RLIN) 3411
245 ## - TITLE STATEMENT
Title 100 cases in psychiatry
260 ## - PUBLICATION, DISTRIBUTION, ETC. (IMPRINT)
Place of publication, distribution, etc. UK;
Name of publisher, distributor, etc. Arnold,
Date of publication, distribution, etc. 2010
300 ## - PHYSICAL DESCRIPTION
Extent xi,265p;
Other physical details col.ill
Dimensions 24cm
504 ## - BIBLIOGRAPHY, ETC. NOTE
Bibliography, etc Index included
650 ## - SUBJECT ADDED ENTRY--TOPICAL TERM
Topical term or geographic name as entry element Psychiatry
9 (RLIN) 351
650 ## - SUBJECT ADDED ENTRY--TOPICAL TERM
Topical term or geographic name as entry element MCQs in Psychiatry
9 (RLIN) 10933
700 ## - ADDED ENTRY--PERSONAL NAME
Personal name Dave, Subodh
9 (RLIN) 3412
942 ## - ADDED ENTRY ELEMENTS (KOHA)
Source of classification or shelving scheme Other/Generic Classification Scheme
Koha item type Book Bank
Holdings
Withdrawn status Lost status Source of classification or shelving scheme Damaged status Not for loan Home library Current library Date acquired Source of acquisition Inventory number Total Checkouts Full call number Barcode Date last seen Koha item type Date last checked out
    Other/Generic Classification Scheme     MUST Main Library MUST Main Library 27/03/2015   14/38302   WM18 W931c 2010 P 2015-0686 27/03/2015 Book Bank  
    Other/Generic Classification Scheme     MUST Main Library MUST Main Library 27/03/2015   14/38303   WM18 W931c 2010 P 2015-0687 27/03/2015 Book Bank  
    Other/Generic Classification Scheme     MUST Main Library MUST Main Library 29/08/2016   16/39679 1 WM18 W931c 2010 P 2016-3879 10/12/2019 Book Bank 06/09/2019
    Other/Generic Classification Scheme     MUST Main Library MUST Main Library 29/08/2016   16/39680 1 WM18 W931c 2010 P 2016-3880 07/06/2021 Book Bank 25/02/2021
    Other/Generic Classification Scheme     MUST Main Library MUST Main Library 29/08/2016   16/39681   WM18 W931c 2010 P 2016-3881 29/08/2016 Book Bank  
    Other/Generic Classification Scheme     MUST Main Library MUST Main Library 29/08/2016   16/39682   WM18 W931c 2010 P 2016-3882 29/08/2016 Book Bank  
    Other/Generic Classification Scheme     MUST Main Library MUST Main Library 29/08/2016   16/39683   WM18 W931c 2010 P 2016-3883 29/08/2016 Book Bank  
    Other/Generic Classification Scheme     MUST Main Library MUST Main Library 29/08/2016   16/39684   WM18 W931c 2010 P 2016-3884 29/08/2016 Book Bank